Hari untuk semua orang

Bibliographic Details
Main Author: Mohd Rosli Saludin
Format: Book
Published: Penang : Goal Intelligent Publishing , 2008
Series:Koleksi cerita moral
Subjects:

MARC

LEADER 00000cam a2200000 7i4500
001 0000031499
005 20151222.0
008 120306
020 |a 9833730531 
090 0 0 |a MOR   |b MAL 
100 1 |a Mohd Rosli Saludin 
245 1 0 |a Hari untuk semua orang   |c Mohd Rosli Saludin 
260 |a Penang :   |b Goal Intelligent Publishing ,   |c 2008 
440 |a Koleksi cerita moral 
500 |a Children ages 10-12 years old (pink) 
650 0 |a Short stories, Malay 
999 |a 0001141453   |b Book   |c Children Collection   |e Perbadanan Perpustakaan Awam Johor 
999 |a 0001141454   |b Book   |c Children Collection   |e Cawangan Pontian 
999 |a 0001141455   |b Book   |c Children Collection   |e Perbadanan Perpustakaan Awam Johor 
999 |a 0001180901   |b Book   |c Children Collection   |e Cawangan Tangkak 
999 |a 0001180903   |b Book   |c Children Collection   |e Cawangan Bandar Penawar 
999 |a 0001180905   |b Book   |c Children Collection   |e Cawangan Tmn. Ungku Tun Aminah 
999 |a 0001180910   |b Book   |c Children Collection   |e Cawangan Segamat 
999 |a 0001180912   |b Book   |c Children Collection   |e Cawangan Mersing 
999 |a 0001180914   |b Book   |c Children Collection   |e Cawangan Taman Universiti 
999 |a 0001219814   |b Book   |c Children Collection   |e Perbadanan Perpustakaan Awam Johor 
999 |a 0001228428   |b Book   |c Children Collection   |e Cawangan Tmn. Ungku Tun Aminah